<?xml version="1.0" encoding="UTF-8"?>
<record
    xmlns:xsi="http://www.w3.org/2001/XMLSchema-instance"
    xsi:schemaLocation="http://www.loc.gov/MARC21/slim http://www.loc.gov/standards/marcxml/schema/MARC21slim.xsd"
    xmlns="http://www.loc.gov/MARC21/slim">

  <leader>03798nam a22002297a 4500</leader>
  <controlfield tag="003">DO-CoUTE</controlfield>
  <controlfield tag="005">20260525170353.0</controlfield>
  <controlfield tag="008">260525b        dr ||||| |||| 00| 0 spa d</controlfield>
  <datafield tag="040" ind1=" " ind2=" ">
    <subfield code="a">DO-CoUTE</subfield>
    <subfield code="b">spa</subfield>
    <subfield code="c">DO-CoUTE</subfield>
  </datafield>
  <datafield tag="082" ind1=" " ind2=" ">
    <subfield code="a">RD362.196241R426s22</subfield>
  </datafield>
  <datafield tag="110" ind1="1" ind2=" ">
    <subfield code="a">Rep&#xFA;blica Dominicana. Ministerio de Educaci&#xF3;n Superior, Ciencia y Tecnolog&#xED;a</subfield>
  </datafield>
  <datafield tag="245" ind1="1" ind2="0">
    <subfield code="a">Simposio internacional investigaci&#xF3;n y soluciones cient&#xED;ficas en tiempos de crisis. Covid-19 y m&#xE1;s all&#xE1; :</subfield>
    <subfield code="b">seguridad alimentaria, salud educaci&#xF3;n, medioambiente y econom&#xED;a /</subfield>
    <subfield code="c">ditores Carlos M. Pe&#xF1;a, J. Inchaustegui, Modesto Cruz, Leandra Tapia y Francisco Roberto Arias Milla</subfield>
  </datafield>
  <datafield tag="260" ind1=" " ind2=" ">
    <subfield code="a">Santo Domingo :</subfield>
    <subfield code="b">Ministerio de Educaci&#xF3;n Superior Ciencia y Tecnolog&#xED;a,</subfield>
    <subfield code="c">2023</subfield>
  </datafield>
  <datafield tag="300" ind1=" " ind2=" ">
    <subfield code="a">258 Paginas :</subfield>
    <subfield code="b">Ministerio de Educaci&#xF3;n Superior Ciencia y Tecnolog&#xED;a,</subfield>
    <subfield code="c">28 cm</subfield>
  </datafield>
  <datafield tag="504" ind1=" " ind2=" ">
    <subfield code="a">Incluye referencia bibliogr&#xE1;fica e &#xED;ndice.</subfield>
  </datafield>
  <datafield tag="505" ind1=" " ind2=" ">
    <subfield code="a">Presentaci&#xF3;n Franklin Garc&#xED;a Ferm&#xED;n - Epidemias: pasado, presente y futuro Genaro Rodr&#xED;guez Mart&#xED;nez 11 - pr&#xF3;logo 21 - Introducci&#xF3;n 23 - Conferencias introductorias del evento: An&#xE1;lisis de red filogen&#xE9;tica de genomas de SARS-COVID-2 Peter Forste, Lucy Forster, Colin Renfrew, Michael Forstere y Jos&#xE9; S&#xE1;nchez-Borb&#xF3;n 27 - CAP&#xCD;TULO I. Generalidades, conceptos, rese&#xF1;a hist&#xF3;rica y modelos Carlos MI. Rodr&#xED;guez Pe&#xF1;a 31 - CAP&#xCD;TULO II. Salud y biomedicina Modesto A. Cruz, moderador 45 - Herramientas avanzadas, moleculares y otras, en el diagn&#xF3;stico de enfermedades emergentes: Caso Covid-19 Modesto Cruz, Irene Bosh, Leonardo Santos, Mar&#xED;a Isabel Veiga - CAP&#xCD;TULO III. Prioridades Ambientales para Rep&#xFA;blica Dominicana en la pandemia de la Covid-19 y potenciales emergencias de nuevas pandemias Sixto J. Inch&#xE1;ustegui, Moderador 68 - CAP&#xCD;TULO IV. Educaci&#xF3;n, modelos predictivos, y econom&#xED;a Leandra Tapia 95 - CAP&#xCD;TULO V. Sector agroalimentario-seguridad alimentaria Roberto Arias Milla 102 - CAPITULO IV. Dos a&#xF1;os despu&#xE9;s. Lecciones aprendidas, recomendaciones y conclusiones. Carlos MI. Rodr&#xED;guez Pe&#xF1;a 188</subfield>
  </datafield>
  <datafield tag="520" ind1=" " ind2=" ">
    <subfield code="a">El libro Simposio internacional: investigaci&#xF3;n y soluciones cient&#xED;ficas en tiempo de crisis re&#xFA;ne aportes acad&#xE9;micos y cient&#xED;ficos presentados en un espacio de di&#xE1;logo internacional orientado a analizar problem&#xE1;ticas cr&#xED;ticas que afectan a la sociedad contempor&#xE1;nea. La obra destaca el papel central de la investigaci&#xF3;n cient&#xED;fica como herramienta fundamental para comprender contextos de crisis &#x2014;sanitarias, sociales, econ&#xF3;micas y ambientales&#x2014; y para proponer respuestas basadas en evidencia, innovaci&#xF3;n y cooperaci&#xF3;n interdisciplinaria. A lo largo del libro se exponen estudios, reflexiones y experiencias de investigadores provenientes de diversas &#xE1;reas del conocimiento, quienes abordan los desaf&#xED;os actuales desde enfoques te&#xF3;ricos y pr&#xE1;cticos. El simposio funciona como un punto de encuentro para el intercambio de saberes, permitiendo visibilizar soluciones cient&#xED;ficas que pueden aplicarse tanto a nivel local como global, fortaleciendo la toma de decisiones informadas en escenarios complejos e inciertos En conjunto, la obra resalta la importancia de la ciencia, la tecnolog&#xED;a y la colaboraci&#xF3;n internacional como pilares para afrontar tiempos de crisis. El t&#xED;tulo del libro refleja su prop&#xF3;sito principal: demostrar que, incluso en contextos adversos, la investigaci&#xF3;n cient&#xED;fica no solo interpreta la realidad, sino que tambi&#xE9;n ofrece alternativas concretas para la resiliencia, el desarrollo sostenible y el bienestar social.&lt;br/&gt;&lt;br/&gt;Si lo quieres con un tono m&#xE1;s acad&#xE9;mico, divulgativo o adaptado a un trabajo universitario, d&#xED;melo y lo ajustamos</subfield>
  </datafield>
  <datafield tag="650" ind1=" " ind2="4">
    <subfield code="a">Pandemia de covid, 19 2020</subfield>
  </datafield>
  <datafield tag="700" ind1="1" ind2=" ">
    <subfield code="a">Tapia, Leandra</subfield>
    <subfield code="e">Coautora</subfield>
  </datafield>
  <datafield tag="700" ind1="1" ind2=" ">
    <subfield code="a">Arias Milla, Francisco</subfield>
    <subfield code="e">Coautora </subfield>
  </datafield>
  <datafield tag="942" ind1=" " ind2=" ">
    <subfield code="2">ddc</subfield>
    <subfield code="c">BK</subfield>
  </datafield>
  <datafield tag="999" ind1=" " ind2=" ">
    <subfield code="c">24233</subfield>
    <subfield code="d">24233</subfield>
  </datafield>
  <datafield tag="952" ind1=" " ind2=" ">
    <subfield code="0">0</subfield>
    <subfield code="1">0</subfield>
    <subfield code="2">ddc</subfield>
    <subfield code="4">0</subfield>
    <subfield code="7">0</subfield>
    <subfield code="8">RD</subfield>
    <subfield code="a">BU</subfield>
    <subfield code="b">BU</subfield>
    <subfield code="c">GEN</subfield>
    <subfield code="d">2026-05-25</subfield>
    <subfield code="i">023755</subfield>
    <subfield code="l">0</subfield>
    <subfield code="o">RD362.196241R426s22</subfield>
    <subfield code="p">023755</subfield>
    <subfield code="r">2026-05-25 17:04:13</subfield>
    <subfield code="t">Ej.1</subfield>
    <subfield code="w">2026-05-25</subfield>
    <subfield code="y">BK</subfield>
  </datafield>
</record>
